000 00478nam a22001697a 4500
005 20260415142424.0
008 260415b |||||||| |||| 00| 0 eng d
020 _a978-81-203-3965-1
050 _aQC 523 .W33 2010
100 _aWADHWANI, NAVINA
245 _aELECTRICITY AND MAGNETISM.
260 _aNEW DELHI,
_bPHI LEARNING PRIVATE LIMITED,
_c2010
300 _aXX, 180 P, ILL
500 _aINCLUDES INDEX
650 _a1. ELECTRICITY 2. MAGNETISM
942 _2lcc
_cBK
999 _c216976
_d216976